| 000 | 01024cab a2200265 4500 | ||
|---|---|---|---|
| 001 | ABS46473 | ||
| 008 | 090401t1992 xxu||||| |||| 00| 0 eng d | ||
| 035 | _a(Sirsi) u58452 | ||
| 041 | _aeng | ||
| 100 | _aGillham, B. | ||
| 245 | _aLicensed property valuation- a time to reconsider | ||
| 260 | _c1992 | ||
| 350 | _a0 | ||
| 490 |
_aCS Monthly : General Practice _v1(8) May 1992, 6-7(2) |
||
| 520 | _aExamines whether public houses should continue to be valued by reference to turnover and profitability, or whether they can be valued in the same way as other commercial property. Considers who is likely to be interested in the investment potential and how valuation techniques can be refined to give more accurate valuations. | ||
| 650 | _aLANDLORD AND TENANT (LICENSED PREMISES) ACT 1990 | ||
| 650 | _aLICENSED PREMISES | ||
| 650 | _aPUBLIC HOUSES | ||
| 650 | _aTIED HOUSES | ||
| 650 | _aVALUATION TECHNIQUES | ||
| 650 | _aZONING | ||
| 690 | _aRATING AND VALUATION | ||
| 942 | _n0 | ||
| 948 | _c04/03/1997 | ||
| 999 |
_c35687 _d35687 |
||